书目信息 |
| 题名: |
新领域精细化工
|
|
| 作者: | 陈开勋 主编 | |
| 分册: | ||
| 出版信息: | 北京 中国石化出版社 1999 |
|
| 页数: | 405 | |
| 开本: | 26cm | |
| 丛书名: | ||
| 单 册: | ||
| 中图分类: | TQ064 | |
| 科图分类: | ||
| 主题词: | 化工过程:生产过程 , 化工产品--后处理 , 化工产品--包装 | |
| 电子资源: | ||
| ISBN: | 7-80043-757-4 | |
| 000 | 00593nam0 2200205 450 | |
| 001 | 0754114953 | |
| 005 | 20070929150154.95 | |
| 010 | @a7-80043-757-4 | |
| 100 | @a20070929d km y0chiy0120 ea | |
| 101 | 0 | @achi |
| 200 | 1 | @a新领域精细化工@Axin ling yu jing xi hua gong@f陈开勋 主编@Fchen kai xun zhu bian |
| 210 | @a北京@c中国石化出版社@d1999 | |
| 215 | @a405@c插图@d26cm | |
| 606 | 0 | @a化工过程:生产过程 |
| 606 | 0 | @a化工产品@x后处理 |
| 606 | 0 | @a化工产品@x包装 |
| 690 | @aTQ064@v3 | |
| 701 | 0 | @a陈开勋@Achen kai xun@4主编 |
| 801 | 0 | @aCN@bPFT@c20070929 |
| 905 | @a213230@dTQ064@eh18@f1 | |
| 新领域精细化工/陈开勋 主编.-北京:中国石化出版社,1999 |
| 405:插图;26cm |
| ISBN 7-80043-757-4: |
| ● |
| 相关链接 |
|
|
|
|
正题名:新领域精细化工
索取号:TQ064/h18
 
预约/预借
| 序号 | 登录号 | 条形码 | 馆藏地/架位号 | 状态 | 备注 |
| 1 | 6000560 | 260005602 | 密集书库-化学系/ [索取号:TQ064/h18] | 在馆 |